| 000 | 01160cam a22003617a 4500 | ||
|---|---|---|---|
| 999 |
_c531787 _d531787 |
||
| 001 | 14969724 | ||
| 003 | NUST | ||
| 005 | 20191028105657.0 | ||
| 008 | 070816s2007 maua b 001 0 eng d | ||
| 010 | _a 2007298853 | ||
| 015 |
_aGBA752564 _2bnb |
||
| 016 | 7 |
_a013774497 _2Uk |
|
| 020 | _a9781596930421 | ||
| 020 | _a159693042X | ||
| 035 | _a(OCoLC)ocn148876373 | ||
| 035 | _a(OCoLC)148876373 | ||
| 038 | _aMSOHAIL | ||
| 040 |
_aBTCTA _cBTCTA _dUAT _dUKM _dBAKER _dYDXCP _dIXA _dDLC |
||
| 042 | _alccopycat | ||
| 050 | 0 | 0 |
_aTL798.N3 _bJ33 2007 |
| 082 | 0 | 4 |
_a338.47623893 _222 |
| 100 | 1 |
_aJacobson, Len. _924845 |
|
| 245 | 1 | 0 |
_aGNSS markets and applications / _cLen Jacobson. |
| 260 |
_aNorwood, MA : _bArtech House, _cc2007. |
||
| 300 |
_axiv, 216 p. : _bill. ; _c24 cm. |
||
| 440 | 0 |
_aGNSS technology and applications series _924846 |
|
| 504 | _aIncludes bibliographical references and index. | ||
| 650 | 0 |
_aArtificial satellites in navigation. _924847 |
|
| 650 | 0 |
_aGlobal Positioning System. _921037 |
|
| 906 |
_a7 _bcbc _ccopycat _d2 _encip _f20 _gy-gencatlg |
||
| 942 |
_2ddc _cBK |
||